00621nam a22001577a 4500020000800000040001600008082001300024100005300037245009900090250002800189260008300217300003700300942001200337999001900349952009500368 qHB. cFIZZA ISHAQ a423bNEU a DAVID B. GURALNIK , VICTORIA NEUFELDT -9134325 a Webster's New World Dictionary of American English /cVICTORIA NEUFELDT , DAVID B. GURALNIK.  a Third College Edition. aNew York : b Webster's New World : Distributed by Prentice Hall Trade,c1988. a: xxvi, 1588 p. : ill. ;c 25 cm 2ddccBK c617301d617301 00102ddc4070aNQCbNQCcDICd2026-05-05l0o423 NEUpQD-197r2026-05-05w2026-05-05yBK